000 00504nam a2200193 a 4500
001 1758091731283
003 ACL
005 20250917122059.0
008 250917s2001##################000#0#eng##
020 _a9780743412810
082 0 4 _a791.4575
_bSHE
100 1 _aSherwin, Jill,
_eauthor.
245 1 0 _aThe Star Trek: The Definitive Star Trek Trivia Book:
260 _bPocket Books/Star Trek,
_c2001.
300 _a256 pages
650 0 _aReference.
942 _cENGLISH
040 _aACL
_beng
_cACL
999 _c587627
_d587627